mysqli: Table './ulib62015/stat_globaluid' is marked as crashed and should be repaired
select id from stat_globaluid where statuid='20260517175948_2501'
mysqli: Table './ulib62015/stat_globaluid' is marked as crashed and should be repaired
DELETE FROM stat_globaluid
WHERE id NOT IN (
SELECT id
FROM (
SELECT id
FROM stat_globaluid
ORDER BY id DESC
LIMIT 100
) foo
);
mysqli: Table './ulib62015/stat_globaluid' is marked as crashed and should be repaired
insert into stat_globaluid set
statuid='20260517175948_2501',
dt='1779015588',
phpself='/ULIB62015/dublinfull.php',
agent='Mozilla/5.0 AppleWebKit/537.36 (KHTML, like Gecko; compatible; ClaudeBot/1.0; +claudebot@anthropic.com)',
yea='2026',
mon='5',
dat='17',
ip='216.73.216.45'
mysqli: Table './ulib62015/stathist_viewbib_bib_type' is marked as crashed and should be repaired
insert into stathist_viewbib_bib_type set
dat='17' ,
mon='05' ,
yea='2026' ,
statuid='20260517175948_2501' ,
head='13399123364' ,
foot='marc' ,
dt='1779015588'
| LEADER : 00000nam 2200000uu 4500 |
| 001 13399123364 |
| 003 ULIB |
| 008 231221s2565||||th 000 0 tha d |
| 020 ^a9786169203568
|
| 060 04 ^aWO100^bต367 2565
|
| 245 00 ^aตำราหัตถการพื้นฐานศัลยศาสตร์ /^cบรรณาธิการ, เฉนียน เรืองเศรษฐกิจ และคณะ
|
| 250 ^aพิมพ์ครั้งที่ 3
|
| 260 ^aกรุงเทพฯ :^bคณะอนุกรรมการการศึกษาศัลยศาสตร์ระดับก่อนปริญญา ราชวิทยาลัยศัลยแพทย์แห่งประเทศไทย,^c2565
|
| 300 ^a336 หน้า :^bภาพประกอบ ;^c21 ซม.
|
| 650 4 ^aศัลยศาสตร์
|
| 700 0 ^aเฉนียน เรืองเศรษฐกิจ,^eบรรณาธิการ
|
| 700 0 ^aพลากร สุรกุลประภา,^eบรรณาธิการ
|
| 700 0 ^aกษยา ตันติผลาชีวะ,^eบรรณาธิการ
|
| 700 0 ^aธีรนุช บุญพิพัฒนาพงศ์,^eบรรณาธิการ
|
| 700 0 ^aบูรพา กาญจนบัตร,^eบรรณาธิการ
|
| 945 ^p300^l0^i030341
|
| 945 ^p300^l0^i030342
|
| 945 ^p300^l0^i030343 |
| 999 ^a57066
|
| คุณยังไม่ได้ล็อกอิน คุณสามารถมีกิจกรรมร่วมกับเว็บไซต์ได้ แต่ต้องล็อกอินก่อน :: |
|
|
|
| ลำดับที่ |
ประเภท |
เลขเรียก/บาร์โค้ด |
สถานที่ |
สถานะ |
| 1. |
 หนังสือ | WO100 ต367 2565 ฉ.1 Barcode: 030341 | หนังสือทั่วไป | บนชั้น ขอยืม |
| Note:งบประมาณปี 2566 (เวชกิจฉุกเฉิน) |
| 2. |
 หนังสือ | WO100 ต367 2565 ฉ.2 Barcode: 030342 | หนังสือทั่วไป | บนชั้น ขอยืม |
| Note:งบประมาณปี 2566 (เวชกิจฉุกเฉิน) |
| 3. |
 หนังสือ | WO100 ต367 2565 ฉ.3 Barcode: 030343 | หนังสือทั่วไป | บนชั้น ขอยืม |
| Note:งบประมาณปี 2566 (เวชกิจฉุกเฉิน) |
รายการใกล้เคียง
หัวเรื่อง [ศัลยศาสตร์]
|
|
ยังไม่เคยถูกคอมเมนท์
|
| คอมเมนท์ทรัพยากรรายการนี้ |
|